| 000 | 00479pab a2200169 454500 | ||
|---|---|---|---|
| 008 | 180718b2015 xxu||||| |||| 00| 0 eng d | ||
| 100 | _aBallabh, Vishwa | ||
| 245 | _aSocio-economic transformation of the tribals in central India: lessons and experiences | ||
| 260 | _c2015 | ||
| 300 | _ap.272-282. | ||
| 362 | _aJul-Sep | ||
| 650 | _aTribes - India | ||
| 650 | _aTribes | ||
| 700 | _aBatra, Pooja | ||
| 773 | _aIndian Journal of Agricultural Economics | ||
| 909 | _a110128 | ||
| 999 |
_c110123 _d110123 |
||